000 00287nam a2200121Ia 4500
008 190216s9999||||xx |||||||||||||| ||und||
100 _aGorky M
245 4 _aThe Lower Depths
260 _b"Progress Publishers, Moscow"
_c1968
300 _a335p
650 _aEnglish Drama
942 _cBK
999 _c12035
_d12035